00598nam a2200193Ia 4500008004100000020001400041082001700055100002000072245004100092250000700133260003700140300002900177500001900206600003300225650001500258942000700273952010900280999001500389240925s9999 xx 000 0 und d a205299407 a808.0427 RAM aRamage ,John D. 4aThe Allyn and Bacon Guide to Writing aNA aBoston:bAllyn and Baconc,1997. axviii,325p.bNAfPirated aIncludes Index aHumanities & Natural Science aLiterature cBK 001040708HUMaUITUbUITUd2000-04-07eNAl0o808.0427 RAMpQ3442r2024-09-25 07:13:09w2024-09-25yBK c5941d5941